000 00980nam a2200289Ia 4500
001 Para_1160
003 CHAP
008 220125s1987 xx 000 0 und d
010 _a199886
040 _cCHAP
090 _aPA TESIS 1126
100 _aMoran Vázquez, Nicolás
_978860
245 _aEvaluación de diferentes niveles de nitrógeno, fósforo y densidad de población en el cultivo de maíz (Zea mays L.), bajo el agrosistema Puljha, en la Independencia, Chiapas /
_c por Nicolás Moran
260 _aChiapas, Méx. :
_b El autor
300 _a78 h.
502 _aTesis (Ing. Agr. Esp. en Fitotecnia), UACh. Depto. Fitotecnia
650 _aMaíz
_x agua
_9164964
650 _aMaíz
_x nitrogeno
_9164965
710 _aUACh. Departamento de Fitotecnia
901 _aPA TESIS 1126
902 _aA
905 _a0000001987 i 0000000000 00
910 _a1987
942 _cPARA
942 _cPARA
_d1
999 _c199886
_d199886